|
|
|
|
| LEADER |
00000cam a22000004a 4500 |
| 001 |
musev2_70600 |
| 003 |
MdBmJHUP |
| 005 |
20230905051259.0 |
| 006 |
m o d |
| 007 |
cr||||||||nn|n |
| 008 |
100630t20102010ncu o 00 0 eng d |
| 020 |
|
|
|a 9780822392705
|
| 020 |
|
|
|z 9780822346890
|
| 020 |
|
|
|z 9780822347002
|
| 035 |
|
|
|a (OCoLC)645336474
|
| 040 |
|
|
|a MdBmJHUP
|c MdBmJHUP
|
| 100 |
1 |
|
|a Miller, Karl Hagstrom,
|d 1968-
|
| 245 |
1 |
0 |
|a Segregating Sound :
|b Inventing Folk and Pop Music in the Age of Jim Crow /
|c Karl Hagstrom Miller.
|
| 264 |
|
1 |
|a Durham [NC] :
|b Duke University Press,
|c 2010.
|
| 264 |
|
3 |
|a Baltimore, Md. :
|b Project MUSE,
|c 2020
|
| 264 |
|
4 |
|c ©2010.
|
| 300 |
|
|
|a 1 online resource (384 pages).
|
| 336 |
|
|
|a text
|b txt
|2 rdacontent
|
| 337 |
|
|
|a computer
|b c
|2 rdamedia
|
| 338 |
|
|
|a online resource
|b cr
|2 rdacarrier
|
| 490 |
0 |
|
|a Refiguring American music
|
| 505 |
0 |
|
|a Tin Pan Alley on tour : the Southern embrace of commercial music -- Making money making music : the education of Southern musicians in local markets -- Isolating folk, isolating songs : reimagining Southern music as folklore -- Southern musicians and the lure of New York City : representing the South from coon songs -- To the blues -- Talking machine world : discovering local music in the global phonograph industry -- Race records and old-time music : the creation of two marketing categories in the 1920s -- Black folk and hillbilly pop : industry enforcement of the musical color line -- Reimagining pop tunes as folk songs: the ascension of the folkloric paradigm -- Afterword: "All songs is folk songs."
|
| 520 |
|
|
|a Asks how the racialized genre divisions in American commerical music came into being, and how they became so entrenched, challenging the assumption of strict musical segregation in the late-19th-century rural South.
|
| 546 |
|
|
|a English.
|
| 588 |
|
|
|a Description based on print version record.
|
| 650 |
1 |
7 |
|a Populaire muziek.
|2 gtt
|
| 650 |
1 |
7 |
|a Zwarten.
|2 gtt
|
| 650 |
1 |
7 |
|a Segregatie.
|2 gtt
|
| 650 |
1 |
7 |
|a Folkmuziek.
|2 gtt
|
| 650 |
|
7 |
|a Musik
|2 gnd
|
| 650 |
|
7 |
|a Popular music.
|2 fast
|0 (OCoLC)fst01071422
|
| 650 |
|
7 |
|a Music and race.
|2 fast
|0 (OCoLC)fst01030486
|
| 650 |
|
7 |
|a Folk music.
|2 fast
|0 (OCoLC)fst00929383
|
| 650 |
|
7 |
|a African Americans
|x Segregation.
|2 fast
|0 (OCoLC)fst00799695
|
| 650 |
|
7 |
|a MUSIC
|x Genres & Styles
|x Blues.
|2 bisacsh
|
| 650 |
|
7 |
|a MUSIC
|x Genres & Styles
|x Pop Vocal.
|2 bisacsh
|
| 650 |
|
6 |
|a Noirs americains
|x Segregation.
|
| 650 |
|
6 |
|a Musique populaire
|z États-Unis (Sud)
|y 20e siecle.
|
| 650 |
|
6 |
|a Musique populaire
|z États-Unis (Sud)
|y 19e siecle.
|
| 650 |
|
6 |
|a Musique et race
|z États-Unis (Sud)
|x Histoire
|y 20e siecle.
|
| 650 |
|
6 |
|a Musique et race
|z États-Unis (Sud)
|x Histoire
|y 19e siecle.
|
| 650 |
|
0 |
|a African Americans
|x Segregation.
|
| 650 |
|
0 |
|a Popular music
|z Southern States
|y 20th century.
|
| 650 |
|
0 |
|a Popular music
|z Southern States
|y 19th century.
|
| 650 |
|
0 |
|a Folk music
|z Southern States
|x History
|y 20th century.
|
| 650 |
|
0 |
|a Folk music
|z Southern States
|x History
|y 19th century.
|
| 650 |
|
0 |
|a Music and race
|z Southern States
|x History
|y 20th century.
|
| 650 |
|
0 |
|a Music and race
|z Southern States
|x History
|y 19th century.
|
| 651 |
|
7 |
|a Schwarze.
|2 swd
|
| 651 |
|
7 |
|a Zuidelijke staten.
|2 gtt
|
| 651 |
|
7 |
|a USA
|x Südstaaten
|2 gnd
|
| 651 |
|
7 |
|a Southern States.
|2 fast
|0 (OCoLC)fst01244550
|
| 630 |
0 |
7 |
|a Jump Jim Crow
|2 gnd
|
| 655 |
|
7 |
|a History.
|2 fast
|0 (OCoLC)fst01411628
|
| 655 |
|
7 |
|a Electronic books.
|2 local
|
| 710 |
2 |
|
|a Project Muse.
|e distributor
|
| 830 |
|
0 |
|a Book collections on Project MUSE.
|
| 856 |
4 |
0 |
|z Texto completo
|u https://projectmuse.uam.elogim.com/book/70600/
|
| 945 |
|
|
|a Project MUSE - Custom Collection
|